Catálogo de las obras españolas, francesas, italianas, alemanas, inglesas y norteamericanas que forman parte de la biblioteca de "Los Progresos de la Clínica", revista mensual. (Record no. 185023)
[ view plain ]
| 000 -LEADER | |
|---|---|
| campo de control de longitud fija | 00745nam a2200169 i 4500 |
| 001 - NÚMERO DE CONTROL | |
| campo de control | 185023 |
| 003 - IDENTIFICADOR DE NÚMERO DE CONTROL | |
| campo de control | ES-MaACL |
| 005 - FECHA Y HORA DE LA ÚLTIMA TRANSACCIÓN | |
| campo de control | 20250826054858.0 |
| 008 - DATOS DE LONGITUD FIJA--INFORMACIÓN GENERAL | |
| campo de control de longitud fija | 160307s1913 sp |||| | spa d |
| 245 00 - MENCIÓN DEL TÍTULO | |
| Título | Catálogo de las obras españolas, francesas, italianas, alemanas, inglesas y norteamericanas que forman parte de la biblioteca de "Los Progresos de la Clínica", revista mensual. |
| 260 ## - PUBLICACIÓN, DISTRIBUCIÓN, ETC. | |
| Lugar de publicación, distribución, etc. | Madrid : |
| Nombre del editor, distribuidor, etc. | [Los Progresos de la Clínica], |
| Fecha de publicación, distribución, etc. | 1913. |
| 300 ## - DESCRIPCIÓN FÍSICA | |
| Extensión | 80 p. ; |
| Dimensiones | 23 cm. |
| 610 24 - PUNTO DE ACCESO ADICIONAL DE MATERIA--NOMBRE DE ENTIDAD CORPORATIVA | |
| Nombre de entidad corporativa o nombre de jurisdicción como elemento de entrada | Los Progresos de la Clínica. |
| Unidad subordinada | Biblioteca- |
| Subdivisión de forma | Catálogos. |
| 9 (RLIN) | 159028 |
| 650 #7 - PUNTO DE ACCESO ADICIONAL DE MATERIA--TÉRMINO DE MATERIA | |
| Término de materia o nombre geográfico como elemento de entrada | Medicina- |
| Subdivisión de forma | Bibliografías |
| Fuente del encabezamiento o término | |
| 9 (RLIN) | 158981 |
| 852 ## - LOCALIZACIÓN | |
| Ubicación | ES-MaACL |
| Número de control de estantería | T-1359-F-1 |
| Nota libre | .- Enc. en un vol. facticio conservando la enc. original |
| Estatus retirado | Estado de pérdida | Estado de daño | No para préstamo | Colección | Biblioteca de origen | Biblioteca actual | Ubicación en estantería | Fecha de adquisición | Fuente de adquisición | Total de préstamos | Signatura topográfica completa | Código de barras | Visto por última vez | Precio de reemplazo | Tipo de ítem Koha |
|---|---|---|---|---|---|---|---|---|---|---|---|---|---|---|---|
| Colección de folletos | Biblioteca del Ateneo de Madrid | Biblioteca del Ateneo de Madrid | Depósito folletos | 07/03/2016 | T-1359-F-1 | 1194883 | 23/02/2023 | 23/02/2023 | Folleto |
